| 000 | 00571nam a2200193 i 4500 | ||
|---|---|---|---|
| 001 | 181659 | ||
| 003 | ES-MaACL | ||
| 005 | 20250822063230.0 | ||
| 008 | 130306s1970 sp | |||| ||cat d | ||
| 080 | _a849.9-94"19" | ||
| 100 | 1 |
_aPla, Josep, _d1897-1981 _9164614 |
|
| 245 | 1 | 0 |
_aRetrats de passaport / _cJosep Pla. |
| 260 |
_aBarcelona : _bDestino, _c1970. |
||
| 300 |
_a639 p. ; _c18 cm. |
||
| 490 | 1 |
_aObra completa de Josep Pla ; _v17 |
|
| 830 | 1 |
_aObra completa de Josep Pla ; _v17 _9191524 |
|
| 852 | 4 |
_aES-MaACL _jJ-46(17) |
|
| 999 |
_c181659 _d181659 |
||